[Event "M.I. Dvoretsky Memorial 2022"]
[Site "Moscow, Russia"]
[Date "2022.12.10"]
[Round "2.1"]
[White "Murzin, Volodar"]
[Black "Dreev, Aleksey"]
[Result "1-0"]
[TimeControl "45'+15\""]
[WhiteTitle "GM"]
[BlackTitle "GM"]
[WhiteFideId "44155573"]
[BlackFideId "4100107"]
[WhiteElo "2561"]
[BlackElo "2606"]

1. e4 {[%clk 00:45:26]} {[%emt 00:00:03]} c6 {[%clk 00:45:16]} {[%emt
00:00:14]} 2. d4 {[%clk 00:45:35]} {[%emt 00:00:07]} d5 {[%clk 00:45:27]}
{[%emt 00:00:04]} 3. exd5 {[%clk 00:45:44]} {[%emt 00:00:06]} cxd5 {[%clk
00:45:33]} {[%emt 00:00:09]} 4. Bd3 {[%clk 00:45:54]} {[%emt 00:00:05]} Nc6
{[%clk 00:45:40]} {[%emt 00:00:08]} 5. c3 {[%clk 00:46:01]} {[%emt 00:00:07]}
Nf6 {[%clk 00:45:46]} {[%emt 00:00:09]} 6. Bf4 {[%clk 00:45:51]} {[%emt
00:00:25]} Bg4 {[%clk 00:45:53]} {[%emt 00:00:08]} 7. Qb3 {[%clk 00:45:49]}
{[%emt 00:00:18]} e5 {[%clk 00:45:24]} {[%emt 00:00:44]} 8. dxe5 {[%clk
00:33:37]} {[%emt 00:12:26]} Nh5 {[%clk 00:45:06]} {[%emt 00:00:32]} 9. Be3
{[%clk 00:32:55]} {[%emt 00:00:58]} Nxe5 {[%clk 00:45:10]} {[%emt 00:00:11]} 10.
Bb5+ {[%clk 00:32:53]} {[%emt 00:00:16]} Nc6 {[%clk 00:45:10]} {[%emt
00:00:16]} 11. Nd2 {[%clk 00:32:27]} {[%emt 00:00:41]} Nf6 {[%clk 00:41:20]}
{[%emt 00:04:04]} 12. Ngf3 {[%clk 00:28:48]} {[%emt 00:03:55]} Bd6 {[%clk
00:39:01]} {[%emt 00:02:34]} 13. h3 {[%clk 00:24:24]} {[%emt 00:04:40]} Bd7
{[%clk 00:37:11]} {[%emt 00:02:05]} 14. O-O {[%clk 00:22:48]} {[%emt 00:01:51]}
O-O {[%clk 00:31:40]} {[%emt 00:05:45]} 15. Rfe1 {[%clk 00:22:12]} {[%emt
00:00:52]} h6 {[%clk 00:30:00]} {[%emt 00:01:55]} 16. Nd4 {[%clk 00:20:10]}
{[%emt 00:02:17]} Re8 {[%clk 00:26:52]} {[%emt 00:03:23]} 17. Bf1 {[%clk
00:08:41]} {[%emt 00:11:44]} a6 {[%clk 00:25:09]} {[%emt 00:01:59]} 18. N2f3
{[%clk 00:07:23]} {[%emt 00:01:32]} Na5 {[%clk 00:14:34]} {[%emt 00:10:50]} 19.
Qc2 {[%clk 00:07:19]} {[%emt 00:00:19]} Nc4 {[%clk 00:14:43]} {[%emt 00:00:06]}
20. Bxc4 {[%clk 00:06:07]} {[%emt 00:01:28]} dxc4 {[%clk 00:14:55]} {[%emt
00:00:03]} 21. Nf5 {[%clk 00:05:44]} {[%emt 00:00:38]} Bxf5 {[%clk 00:14:30]}
{[%emt 00:00:40]} 22. Qxf5 {[%clk 00:05:53]} {[%emt 00:00:06]} Qc8 {[%clk
00:14:38]} {[%emt 00:00:06]} 23. Qxc8 {[%clk 00:04:44]} {[%emt 00:01:25]} Raxc8
{[%clk 00:13:34]} {[%emt 00:01:19]} 24. Bd4 {[%clk 00:04:13]} {[%emt 00:00:46]}
Nd5 {[%clk 00:11:09]} {[%emt 00:02:39]} 25. g3 {[%clk 00:04:22]} {[%emt
00:00:06]} f6 {[%clk 00:07:28]} {[%emt 00:03:56]} 26. Rad1 {[%clk 00:03:13]}
{[%emt 00:01:24]} Rxe1+ {[%clk 00:07:03]} {[%emt 00:00:40]} 27. Nxe1 {[%clk
00:03:03]} {[%emt 00:00:25]} Be7 {[%clk 00:06:21]} {[%emt 00:00:56]} 28. Kf1
{[%clk 00:02:49]} {[%emt 00:00:29]} Kf7 {[%clk 00:06:19]} {[%emt 00:00:16]} 29.
Nf3 {[%clk 00:02:51]} {[%emt 00:00:14]} b5 {[%clk 00:04:35]} {[%emt 00:02:00]}
30. a3 {[%clk 00:03:00]} {[%emt 00:00:06]} Rd8 {[%clk 00:03:54]} {[%emt
00:00:56]} 31. Ra1 {[%clk 00:02:21]} {[%emt 00:00:55]} Rb8 {[%clk 00:02:58]}
{[%emt 00:01:10]} 32. Nd2 {[%clk 00:02:14]} {[%emt 00:00:22]} Nc7 {[%clk
00:02:38]} {[%emt 00:00:36]} 33. a4 {[%clk 00:01:41]} {[%emt 00:00:48]} Ne6
{[%clk 00:02:51]} {[%emt 00:00:02]} 34. Ba7 {[%clk 00:01:44]} {[%emt 00:00:12]}
Rb7 {[%clk 00:02:55]} {[%emt 00:00:10]} 35. Be3 {[%clk 00:01:56]} {[%emt
00:00:03]} f5 {[%clk 00:02:35]} {[%emt 00:00:35]} 36. axb5 {[%clk 00:02:06]}
{[%emt 00:00:05]} axb5 {[%clk 00:02:49]} {[%emt 00:00:01]} 37. Ra6 {[%clk
00:02:03]} {[%emt 00:00:17]} Bf6 {[%clk 00:02:25]} {[%emt 00:00:39]} 38. g4
{[%clk 00:01:18]} {[%emt 00:01:00]} g6 {[%clk 00:01:28]} {[%emt 00:01:12]} 39.
gxf5 {[%clk 00:01:00]} {[%emt 00:00:33]} gxf5 {[%clk 00:01:42]} {[%emt
00:00:02]} 40. Bxh6 {[%clk 00:00:36]} {[%emt 00:00:39]} Nc5 {[%clk 00:01:52]}
{[%emt 00:00:05]} 41. Ra2 {[%clk 00:00:46]} {[%emt 00:00:06]} Nd3 {[%clk
00:01:51]} {[%emt 00:00:15]} 42. Be3 {[%clk 00:00:23]} {[%emt 00:00:38]} f4
{[%clk 00:02:03]} {[%emt 00:00:03]} 43. Ba7 {[%clk 00:00:20]} {[%emt 00:00:18]}
Re7 {[%clk 00:01:21]} {[%emt 00:00:57]} 44. Nf3 {[%clk 00:00:23]} {[%emt
00:00:12]} b4 {[%clk 00:01:30]} {[%emt 00:00:06]} 45. cxb4 {[%clk 00:00:25]}
{[%emt 00:00:13]} Bxb2 {[%clk 00:01:20]} {[%emt 00:00:24]} 46. Bc5 {[%clk
00:00:29]} {[%emt 00:00:10]} c3 {[%clk 00:01:20]} {[%emt 00:00:15]} 47. Nd4
{[%clk 00:00:33]} {[%emt 00:00:12]} Re4 {[%clk 00:01:06]} {[%emt 00:00:29]} 48.
Ra7+ {[%clk 00:00:25]} {[%emt 00:00:24]} Kg6 {[%clk 00:01:09]} {[%emt
00:00:12]} 49. Ra6+ {[%clk 00:00:19]} {[%emt 00:00:22]} Kh5 {[%clk 00:01:10]}
{[%emt 00:00:11]} 50. Nc2 {[%clk 00:00:25]} {[%emt 00:00:11]} Nxc5 {[%clk
00:00:20]} {[%emt 00:01:05]} 51. bxc5 {[%clk 00:00:19]} {[%emt 00:00:21]} f3
{[%clk 00:00:34]} {[%emt 00:00:01]} 52. c6 {[%clk 00:00:16]} {[%emt 00:00:18]}
Re2 {[%clk 00:00:47]} {[%emt 00:00:02]} 53. c7 {[%clk 00:00:17]} {[%emt
00:00:14]} Rxc2 {[%clk 00:00:57]} {[%emt 00:00:05]} 54. Kg1 {[%clk 00:00:29]}
{[%emt 00:00:04]} Rc1+ {[%clk 00:00:57]} {[%emt 00:00:14]} 55. Kh2 {[%clk
00:00:43]} c2 {[%clk 00:01:12]} 56. Ra5+ {[%clk 00:00:57]} {[%emt 00:00:01]}
Kh4 {[%clk 00:01:25]} {[%emt 00:00:02]} 57. Ra4+ {[%clk 00:00:19]} {[%emt
00:00:54]} Kh5 {[%clk 00:01:29]} {[%emt 00:00:10]} 58. Ra5+ {[%clk 00:00:23]}
{[%emt 00:00:11]} Kh4 {[%clk 00:01:39]} {[%emt 00:00:04]} 59. c8=Q {[%clk
00:00:22]} {[%emt 00:00:16]} 1-0

[Event "M.I. Dvoretsky Memorial 2022"]
[Site "Moscow, Russia"]
[Date "2022.12.10"]
[Round "2.3"]
[White "Popov, Ivan"]
[Black "Nesterov, Arseniy"]
[Result "0-1"]
[TimeControl "45'+15\""]
[WhiteTitle "GM"]
[BlackTitle "GM"]
[WhiteFideId "4170350"]
[BlackFideId "24198455"]
[WhiteElo "2627"]
[BlackElo "2573"]

1. e4 {[%clk 00:45:20]} {[%emt 00:00:09]} e5 {[%clk 00:45:22]} {[%emt
00:00:08]} 2. Nf3 {[%clk 00:45:29]} {[%emt 00:00:05]} Nf6 {[%clk 00:45:33]}
{[%emt 00:00:04]} 3. d4 {[%clk 00:45:09]} {[%emt 00:00:35]} Nxe4 {[%clk
00:45:42]} {[%emt 00:00:06]} 4. Bd3 {[%clk 00:45:18]} {[%emt 00:00:05]} d5
{[%clk 00:45:50]} {[%emt 00:00:07]} 5. Nxe5 {[%clk 00:45:27]} {[%emt 00:00:06]}
Nd7 {[%clk 00:45:50]} {[%emt 00:00:16]} 6. O-O {[%clk 00:45:32]} {[%emt
00:00:09]} Bd6 {[%clk 00:43:30]} {[%emt 00:02:35]} 7. f4 {[%clk 00:44:33]}
{[%emt 00:01:13]} O-O {[%clk 00:41:27]} {[%emt 00:02:19]} 8. c4 {[%clk
00:44:28]} {[%emt 00:00:20]} c5 {[%clk 00:40:03]} {[%emt 00:01:39]} 9. cxd5
{[%clk 00:39:27]} {[%emt 00:05:16]} Nef6 {[%clk 00:40:11]} {[%emt 00:00:07]} 10.
Nd2 {[%clk 00:34:10]} {[%emt 00:05:32]} cxd4 {[%clk 00:39:46]} {[%emt
00:00:40]} 11. Ndc4 {[%clk 00:34:19]} {[%emt 00:00:06]} Nb6 {[%clk 00:39:30]}
{[%emt 00:00:31]} 12. Bd2 {[%clk 00:28:40]} {[%emt 00:05:53]} Nbxd5 {[%clk
00:35:39]} {[%emt 00:04:07]} 13. Qf3 {[%clk 00:28:36]} {[%emt 00:00:19]} Bb4
{[%clk 00:34:30]} {[%emt 00:01:24]} 14. Rad1 {[%clk 00:19:10]} {[%emt
00:09:41]} Bxd2 {[%clk 00:34:36]} {[%emt 00:00:09]} 15. Rxd2 {[%clk 00:19:24]}
{[%emt 00:00:01]} b5 {[%clk 00:34:24]} {[%emt 00:00:27]} 16. Na3 {[%clk
00:19:26]} {[%emt 00:00:13]} Bb7 {[%clk 00:32:06]} {[%emt 00:02:33]} 17. Nxb5
{[%clk 00:08:08]} {[%emt 00:11:33]} Qb6 {[%clk 00:30:39]} {[%emt 00:01:41]} 18.
Qh3 {[%clk 00:07:37]} {[%emt 00:00:46]} Rad8 {[%clk 00:27:39]} {[%emt
00:03:16]} 19. Na3 {[%clk 00:07:50]} {[%emt 00:00:02]} Nb4 {[%clk 00:27:01]}
{[%emt 00:00:53]} 20. Nac4 {[%clk 00:06:41]} {[%emt 00:01:24]} Qc5 {[%clk
00:26:53]} {[%emt 00:00:22]} 21. b3 {[%clk 00:05:26]} {[%emt 00:01:31]} Nxd3
{[%clk 00:26:44]} {[%emt 00:00:24]} 22. Nxd3 {[%clk 00:05:33]} {[%emt
00:00:08]} Qd5 {[%clk 00:26:29]} {[%emt 00:00:30]} 23. Nb4 {[%clk 00:05:07]}
{[%emt 00:00:42]} Qb5 {[%clk 00:26:18]} {[%emt 00:00:25]} 24. Nd3 {[%clk
00:02:59]} {[%emt 00:02:22]} Rfe8 {[%clk 00:26:13]} {[%emt 00:00:20]} 25. Nf2
{[%clk 00:02:48]} {[%emt 00:00:26]} Qc5 {[%clk 00:22:33]} {[%emt 00:03:55]} 26.
Ne5 {[%clk 00:01:46]} {[%emt 00:01:17]} Ne4 {[%clk 00:19:56]} {[%emt 00:02:53]}
27. Nxe4 {[%clk 00:01:55]} {[%emt 00:00:06]} Bxe4 {[%clk 00:20:08]} {[%emt
00:00:02]} 28. Rfd1 {[%clk 00:00:50]} {[%emt 00:01:20]} d3+ {[%clk 00:14:24]}
{[%emt 00:05:59]} 29. Kf1 {[%clk 00:00:54]} {[%emt 00:00:11]} f6 {[%clk
00:13:32]} {[%emt 00:01:07]} 30. Nxd3 {[%clk 00:00:49]} {[%emt 00:00:20]} Qb5
{[%clk 00:10:33]} {[%emt 00:03:14]} 31. Kg1 {[%clk 00:00:28]} {[%emt 00:00:37]}
Qb6+ {[%clk 00:10:47]} {[%emt 00:00:01]} 32. Kf1 {[%clk 00:00:34]} {[%emt
00:00:08]} Bb7 {[%clk 00:09:58]} {[%emt 00:01:05]} 33. Qg3 {[%clk 00:00:20]}
{[%emt 00:00:29]} Re3 {[%clk 00:09:37]} {[%emt 00:00:36]} 34. Qg4 {[%clk
00:00:27]} {[%emt 00:00:08]} Ba6 {[%clk 00:09:33]} {[%emt 00:00:18]} 0-1

[Event "M.I. Dvoretsky Memorial 2022"]
[Site "Moscow, Russia"]
[Date "2022.12.10"]
[Round "2.4"]
[White "Zvjaginsev, Vadim"]
[Black "Grebnev, Aleksey"]
[Result "1-0"]
[TimeControl "45'+15\""]
[WhiteTitle "GM"]
[BlackTitle "IM"]
[WhiteFideId "4113403"]
[BlackFideId "34189030"]
[WhiteElo "2598"]
[BlackElo "2486"]

1. Nf3 {[%clk 00:45:27]} {[%emt 00:00:02]} Nf6 {[%clk 00:45:23]} {[%emt
00:00:08]} 2. g3 {[%clk 00:45:38]} {[%emt 00:00:05]} d5 {[%clk 00:45:33]}
{[%emt 00:00:05]} 3. Bg2 {[%clk 00:45:49]} {[%emt 00:00:03]} e6 {[%clk
00:45:44]} {[%emt 00:00:05]} 4. O-O {[%clk 00:45:54]} {[%emt 00:00:10]} Be7
{[%clk 00:45:54]} {[%emt 00:00:05]} 5. d3 {[%clk 00:45:14]} {[%emt 00:00:54]}
O-O {[%clk 00:46:00]} {[%emt 00:00:09]} 6. a4 {[%clk 00:45:06]} {[%emt
00:00:23]} c5 {[%clk 00:44:47]} {[%emt 00:01:28]} 7. e4 {[%clk 00:45:13]}
{[%emt 00:00:07]} Nc6 {[%clk 00:43:16]} {[%emt 00:01:46]} 8. Bf4 {[%clk
00:43:32]} {[%emt 00:01:57]} b6 {[%clk 00:42:10]} {[%emt 00:01:21]} 9. e5
{[%clk 00:40:34]} {[%emt 00:03:12]} Nd7 {[%clk 00:42:16]} {[%emt 00:00:08]} 10.
h4 {[%clk 00:40:38]} {[%emt 00:00:11]} Bb7 {[%clk 00:41:24]} {[%emt 00:01:08]}
11. Re1 {[%clk 00:40:17]} {[%emt 00:00:36]} a6 {[%clk 00:39:23]} {[%emt
00:02:17]} 12. Na3 {[%clk 00:39:32]} {[%emt 00:00:59]} Re8 {[%clk 00:32:33]}
{[%emt 00:07:05]} 13. c3 {[%clk 00:37:34]} {[%emt 00:02:13]} f6 {[%clk
00:29:41]} {[%emt 00:03:07]} 14. exf6 {[%clk 00:34:56]} {[%emt 00:02:54]} Bxf6
{[%clk 00:29:38]} {[%emt 00:00:17]} 15. d4 {[%clk 00:33:37]} {[%emt 00:01:34]}
cxd4 {[%clk 00:25:43]} {[%emt 00:04:10]} 16. cxd4 {[%clk 00:33:24]} {[%emt
00:00:27]} Rc8 {[%clk 00:19:47]} {[%emt 00:06:13]} 17. Nc2 {[%clk 00:31:53]}
{[%emt 00:01:46]} Nf8 {[%clk 00:16:41]} {[%emt 00:03:21]} 18. Bh3 {[%clk
00:25:53]} {[%emt 00:06:15]} h6 {[%clk 00:14:11]} {[%emt 00:02:45]} 19. Qd3
{[%clk 00:23:40]} {[%emt 00:02:28]} Qe7 {[%clk 00:12:22]} {[%emt 00:02:05]} 20.
Ne3 {[%clk 00:19:11]} {[%emt 00:04:43]} Qb4 {[%clk 00:08:43]} {[%emt 00:03:53]}
21. Red1 {[%clk 00:18:46]} {[%emt 00:00:40]} Bd8 {[%clk 00:06:04]} {[%emt
00:02:55]} 22. Ng4 {[%clk 00:13:41]} {[%emt 00:05:19]} Qe7 {[%clk 00:02:40]}
{[%emt 00:03:39]} 23. Bd2 {[%clk 00:10:35]} {[%emt 00:03:21]} Bc7 {[%clk
00:01:02]} {[%emt 00:01:54]} 24. Re1 {[%clk 00:10:20]} {[%emt 00:00:28]} Nb4
{[%clk 00:00:45]} {[%emt 00:00:33]} 25. Qb3 {[%clk 00:10:11]} {[%emt 00:00:24]}
Bd6 {[%clk 00:00:55]} {[%emt 00:00:06]} 26. Ne3 {[%clk 00:09:30]} {[%emt
00:00:55]} a5 {[%clk 00:00:36]} {[%emt 00:00:34]} 27. Nf5 {[%clk 00:08:43]}
{[%emt 00:01:03]} Qd7 {[%clk 00:00:48]} {[%emt 00:00:02]} 28. Nxd6 {[%clk
00:08:36]} {[%emt 00:00:23]} Qxd6 {[%clk 00:01:02]} {[%emt 00:00:01]} 29. Bf4
{[%clk 00:07:49]} {[%emt 00:01:01]} Qe7 {[%clk 00:01:13]} {[%emt 00:00:04]} 30.
Rac1 {[%clk 00:07:14]} {[%emt 00:00:51]} Ba6 {[%clk 00:01:17]} {[%emt
00:00:12]} 31. Ne5 {[%clk 00:07:08]} {[%emt 00:00:20]} Rxc1 {[%clk 00:00:17]}
{[%emt 00:01:15]} 32. Rxc1 {[%clk 00:06:31]} {[%emt 00:00:52]} Qb7 {[%clk
00:00:17]} {[%emt 00:00:15]} 33. Bd2 {[%clk 00:02:03]} {[%emt 00:04:42]} Rc8
{[%clk 00:00:20]} {[%emt 00:00:13]} 34. Rxc8 {[%clk 00:01:59]} {[%emt
00:00:19]} Qxc8 {[%clk 00:00:34]} {[%emt 00:00:01]} 35. Qf3 {[%clk 00:01:19]}
{[%emt 00:00:55]} Qc7 {[%clk 00:00:31]} {[%emt 00:00:17]} 36. h5 {[%clk
00:01:21]} {[%emt 00:00:15]} Nc2 {[%clk 00:00:17]} {[%emt 00:00:29]} 37. Ng6
{[%clk 00:01:04]} {[%emt 00:00:31]} Nxg6 {[%clk 00:00:16]} {[%emt 00:00:17]} 38.
Bxe6+ {[%clk 00:01:11]} {[%emt 00:00:08]} Kh8 {[%clk 00:00:29]} {[%emt
00:00:01]} 39. hxg6 {[%clk 00:01:21]} {[%emt 00:00:05]} Qd8 {[%clk 00:00:43]}
{[%emt 00:00:01]} 40. Bc3 {[%clk 00:00:59]} {[%emt 00:00:37]} Bb7 {[%clk
00:00:34]} {[%emt 00:00:23]} 41. Qf5 {[%clk 00:00:54]} {[%emt 00:00:20]} Nb4
{[%clk 00:00:35]} {[%emt 00:00:15]} 42. Bd2 {[%clk 00:00:45]} {[%emt 00:00:23]}
Nc6 {[%clk 00:00:31]} {[%emt 00:00:19]} 43. Bxh6 {[%clk 00:00:54]} {[%emt
00:00:06]} Nxd4 {[%clk 00:00:29]} {[%emt 00:00:18]} 44. Bxg7+ {[%clk 00:01:04]}
{[%emt 00:00:06]} Kxg7 {[%clk 00:00:42]} {[%emt 00:00:02]} 45. Qf7+ {[%clk
00:01:18]} Kh6 {[%clk 00:00:55]} {[%emt 00:00:02]} 46. Qh7+ {[%clk 00:01:30]}
{[%emt 00:00:03]} Kg5 {[%clk 00:01:08]} {[%emt 00:00:02]} 47. f4+ {[%clk
00:01:40]} {[%emt 00:00:05]} 1-0